[Event "SRB-chT"]
[Site "Belgrade"]
[Date "2010.10.09"]
[Round "9"]
[White "Nikcevic, Branko"]
[Black "Katanic Vujic, Petar"]
[Result "1/2-1/2"]
[WhiteElo "2150"]
[BlackElo "2327"]
[PlyCount "54"]
[EventDate "2010.10.01"]
[EventType "team-tourn"]
[EventRounds "11"]
[EventCountry "YUG"]
[SourceTitle "CBM 138 Extra"]
[Source "ChessBase"]
[SourceDate "2010.10.29"]
[SourceVersion "1"]
[SourceVersionDate "2010.10.29"]
[SourceQuality "1"]

1. e4 g6 2. d4 c6 3. Nc3 d5 4. Nf3 Bg7 5. Be2 Nh6 6. 0-0 Bg4 7. exd5 cxd5 8. Ne5 Be6 9. Bb5+ Kf8 10. Ne2 Qb6 11. c4 Nf5 12. cxd5 Bxd5 13. Bc4 e6 14. Bxd5 exd5 15. Bf4 f6 16. Ng4 Nc6 17. Ne3 Nce7 18. Rc1 g5 19. Bg3 h5 20. Nxf5 Nxf5 21. Qd3 Ne7 22. Rc7 Rc8 23. Rfc1 Kf7 24. Qa3 Qe6 25. Kf1 Rhe8 26. Bd6 Bf8 27. Bxe7 Rxe7 1/2-1/2

[Event "SRB-chT"]
[Site "Belgrade"]
[Date "2010.10.08"]
[Round "8"]
[White "Lazic, Ljubisa V"]
[Black "Nikcevic, Branko"]
[Result "1-0"]
[WhiteElo "2233"]
[BlackElo "2150"]
[PlyCount "63"]
[EventDate "2010.10.01"]
[EventType "team-tourn"]
[EventRounds "11"]
[EventCountry "YUG"]
[SourceTitle "CBM 138 Extra"]
[Source "ChessBase"]
[SourceDate "2010.10.29"]
[SourceVersion "1"]
[SourceVersionDate "2010.10.29"]
[SourceQuality "1"]

1. d4 d5 2. Nf3 Nf6 3. Bf4 e6 4. e3 c5 5. c3 Nc6 6. Nbd2 Be7 7. h3 0-0 8. Bd3 b6 9. 0-0 Bb7 10. Qe2 Nb8 11. a4 a5 12. Ne5 Nbd7 13. Rfd1 Nxe5 14. dxe5 Nd7 15. e4 c4 16. Bc2 Bg5 17. Bg3 Bxd2 18. Rxd2 Qg5 19. exd5 Bxd5 20. Rd4 f5 21. exf6 Nxf6 22. Qd2 Qxd2 23. Rxd2 Rac8 24. Re1 Rfd8 25. Be5 h6 26. f4 Kf7 27. Red1 Re8 28. f5 Nd7 29. Bg3 Nc5 30. Bf2 Ne4 31. fxe6+ Kxe6 32. Rxd5 1-0

[Event "SRB-chT"]
[Site "Belgrade"]
[Date "2010.10.02"]
[Round "2"]
[White "Pantovic, Dragan M"]
[Black "Nikcevic, Branko"]
[Result "1/2-1/2"]
[WhiteElo "2112"]
[BlackElo "2150"]
[PlyCount "49"]
[EventDate "2010.10.01"]
[EventType "team-tourn"]
[EventRounds "11"]
[EventCountry "YUG"]
[SourceTitle "CBM 138 Extra"]
[Source "ChessBase"]
[SourceDate "2010.10.29"]
[SourceVersion "1"]
[SourceVersionDate "2010.10.29"]
[SourceQuality "1"]

1. d4 d5 2. c4 e6 3. Nf3 Nf6 4. g3 Be7 5. Bg2 0-0 6. 0-0 b6 7. Ne5 Bb7 8. Nc3 c5 9. Be3 cxd4 10. Bxd4 Nc6 11. Nxc6 Bxc6 12. Rc1 Qd7 13. Be5 Rac8 14. cxd5 Nxd5 15. Nxd5 Bxd5 16. Rxc8 Rxc8 17. Bc3 Rd8 18. Bxd5 Qxd5 19. Qxd5 Rxd5 20. Rc1 f6 21. e4 Rd7 22. Kf1 Kf7 23. Ke2 g6 24. Bd2 Bc5 25. Be3 1/2-1/2

[Event "SRB-chT 1st League"]
[Site "Kragujevac"]
[Date "2009.09.09"]
[Round "8"]
[White "Rajkovic, Dusan"]
[Black "Nikcevic, Branko"]
[Result "1/2-1/2"]
[WhiteElo "2472"]
[BlackElo "2153"]
[PlyCount "84"]
[EventDate "2009.09.01"]
[EventType "team-tourn"]
[EventRounds "11"]
[EventCountry "YUG"]
[SourceTitle "CBM 132 Extra"]
[Source "ChessBase"]
[SourceDate "2009.11.03"]
[SourceVersion "1"]
[SourceVersionDate "2009.11.03"]
[SourceQuality "1"]

1. d4 d5 2. c4 e6 3. Nc3 Nf6 4. Bg5 Be7 5. e3 0-0 6. Nf3 h6 7. Bh4 b6 8. Rc1 Bb7 9. Bxf6 Bxf6 10. cxd5 exd5 11. b4 c6 12. Be2 Qd6 13. Qb3 Re8 14. 0-0 Nd7 15. Rfe1 Be7 16. Rb1 Bf8 17. g3 a5 18. bxa5 Rxa5 19. a4 Ba6 20. Bxa6 Rxa6 21. Kg2 g6 22. Qc2 Bg7 23. Qd3 Ra5 24. Rec1 Ra7 25. Qc2 Re6 26. Qd1 Qb8 27. Nd2 Qa8 28. Rc2 Ra6 29. Kg1 Kh7 30. Nb3 Kg8 31. Nc1 Nf6 32. Rcb2 Nd7 33. Nd3 Kh7 34. Qc2 c5 35. dxc5 Nxc5 36. Nb4 Bxc3 37. Nxa6 Bxb2 38. Nc7 Qxa4 39. Qxb2 Rd6 40. Nb5 Rd7 41. h4 Ne6 42. Ra1 Qe4 1/2-1/2

[Event "SRB-chT 1st League"]
[Site "Kragujevac"]
[Date "2009.09.01"]
[Round "1"]
[White "Nikcevic, Branko"]
[Black "Jeremic, Veljko"]
[Result "1/2-1/2"]
[WhiteElo "2153"]
[BlackElo "2494"]
[PlyCount "102"]
[EventDate "2009.09.01"]
[EventType "team-tourn"]
[EventRounds "11"]
[EventCountry "YUG"]
[SourceTitle "CBM 132 Extra"]
[Source "ChessBase"]
[SourceDate "2009.11.03"]
[SourceVersion "1"]
[SourceVersionDate "2009.11.03"]
[SourceQuality "1"]

1. e4 e6 2. d4 d5 3. Nd2 c5 4. exd5 Qxd5 5. Ngf3 cxd4 6. Bc4 Qd6 7. 0-0 Nf6 8. Nb3 Nc6 9. Nbxd4 Nxd4 10. Qxd4 Bd7 11. b3 b5 12. Bd3 Qxd4 13. Nxd4 a6 14. c4 Bc5 15. Bb2 bxc4 16. Bxc4 Ke7 17. Rac1 Rhc8 18. Be2 Bxd4 19. Bxd4 Bb5 20. Bxb5 axb5 21. Rxc8 Rxc8 22. a4 bxa4 23. bxa4 Rc4 24. Bxf6+ gxf6 25. Ra1 Kd7 26. g3 Kc7 27. Kg2 f5 28. a5 Kb7 29. Rb1+ Ka6 30. Rb6+ Kxa5 31. Rb7 h5 32. h4 f4 33. Rxf7 fxg3 34. fxg3 Kb5 35. Rf6 Rc2+ 36. Kf3 Rc3+ 37. Kf4 e5+ 38. Kxe5 Rxg3 39. Rf5 Kc6 40. Rxh5 Kd7 41. Kf4 Rg1 42. Re5 Rf1+ 43. Kg5 Rg1+ 44. Kh6 Rh1 45. h5 Rg1 46. Kh7 Rg2 47. h6 Rg1 48. Ra5 Ke7 49. Ra7+ Kf8 50. Rg7 Rf1 51. Rg5 Kf7 1/2-1/2

[Event "FRA-ch op FIDE"]
[Site "Paris"]
[Date "1994.??.??"]
[Round "9"]
[White "Komarov, Dimitri"]
[Black "Nikcevic, Branko"]
[Result "1-0"]
[WhiteElo "2535"]
[BlackElo "2220"]
[PlyCount "55"]
[EventDate "1994.??.??"]
[EventType "swiss"]
[EventRounds "9"]
[EventCountry "FRA"]
[SourceTitle "EXT 1998"]
[Source "ChessBase"]
[SourceDate "1997.11.17"]
[SourceVersion "1"]
[SourceVersionDate "1997.11.17"]
[SourceQuality "1"]

1. d4 d5 2. c4 c6 3. Nf3 Nf6 4. Nc3 e6 5. Bg5 h6 6. Bxf6 Qxf6 7. g3 Nd7 8. Bg2 Qg6 9. 0-0 f5 10. cxd5 exd5 11. Nh4 Qf7 12. e4 fxe4 13. f3 exf3 14. Nxf3 Qh5 15. Qd3 Bd6 16. Rae1+ Kd8 17. Re6 Bb4 18. a3 Bxc3 19. Qxc3 Nf6 20. Rxc6 bxc6 21. Qxc6 Re8 22. Qxa8 Re2 23. Rc1 Qf5 24. Qxa7 Rc2 25. Qa5+ Ke7 26. Rxc2 Qxc2 27. Qc5+ Qxc5 28. dxc5 1-0

[Event "Paris-ch op"]
[Site "Paris"]
[Date "1993.??.??"]
[Round "5"]
[White "Metral, Jean Paul"]
[Black "Nikcevic, Branko"]
[Result "0-1"]
[WhiteElo "2295"]
[BlackElo "2220"]
[PlyCount "70"]
[EventDate "1993.04.??"]
[EventType "swiss"]
[EventRounds "9"]
[EventCountry "FRA"]
[SourceTitle "TD"]
[Source "ChessBase"]
[SourceDate "1994.03.01"]
[SourceVersion "1"]
[SourceVersionDate "1994.03.01"]
[SourceQuality "1"]

1. e4 c5 2. Nf3 Nc6 3. d4 cxd4 4. Nxd4 Nf6 5. Nc3 e5 6. Ndb5 d6 7. Bg5 a6 8. Bxf6 gxf6 9. Na3 b5 10. Nd5 Bg7 11. c3 f5 12. Bd3 Ne7 13. Nxe7 Qxe7 14. Qh5 d5 15. exf5 e4 16. 0-0 b4 17. Nc2 0-0 18. Nxb4 exd3 19. Nxd5 Qe5 20. c4 Kh8 21. Ne3 Bb7 22. Ng4 Qe4 23. f3 Qd4+ 24. Kh1 d2 25. Rad1 Rad8 26. b3 Qf4 27. f6 Bxf6 28. Qa5 Bg7 29. Rf2 f5 30. Qb6 fxg4 31. Qxb7 g3 32. Re2 Rfe8 33. Re4 Rxe4 34. Qxe4 Qxe4 35. fxe4 Bc3 0-1